| 000 | nam a22 4500 | ||
|---|---|---|---|
| 999 |
_c8950 _d8950 |
||
| 008 | 180322b ||||| |||| 00| 0 eng d | ||
| 100 |
_926994 _aJerusalem, Jigger |
||
| 245 |
_aFirefighters race to save 2 other natural parks/ _cJigger Jerusalem, Orlando Dinoy and Edwin Fernandez |
||
| 260 |
_aPhilippines _bPhilippine Daily Inquirer _cc2016 |
||
| 300 | _apage B-5. | ||
| 650 | 0 |
_926995 _aEnvironmental movement. |
|
| 700 |
_926996 _aDinoy, Orlando |
||
| 942 |
_2ddc _cPER |
||